[Event "BEL-ch U16"]
[Site "Blankenberge"]
[Date "2015.04.17"]
[Round "8"]
[White "Goossens, Charles"]
[Black "Kreczman, Savinien"]
[Result "0-1"]
[WhiteElo "1599"]
[BlackElo "1519"]
[PlyCount "110"]
[EventDate "2015.04.12"]
[EventType "swiss"]
[EventRounds "9"]
[EventCountry "BEL"]
[SourceTitle "CBM 166 Extra"]
[Source "ChessBase"]
[SourceDate "2015.06.18"]
[SourceVersion "1"]
[SourceVersionDate "2015.06.18"]
[SourceQuality "1"]

1. e4 e5 2. Nf3 Nf6 3. Nc3 Nc6 4. Nxe5 Nxe5 5. d4 Nc6 6. d5 Ne5 7. f4 Ng6 8. e5 Ng8 9. d6 cxd6 10. exd6 Bxd6 11. Qxd6 Qe7+ 12. Qxe7+ N8xe7 13. Bc4 b6 14. Bd2 Bb7 15. Rg1 Nh4 16. g3 Nf3+ 17. Ke2 Nxg1+ 18. Rxg1 Nf5 19. Kf2 0-0 20. Bd3 Nd4 21. Be3 Ne6 22. Rd1 d5 23. Ne2 Nc5 24. Bf5 Rfd8 25. b3 Ne4+ 26. Kg1 Rd6 27. Bxe4 Re6 28. Bxd5 Bxd5 29. Kf2 Rae8 30. Nc3 Bxb3 31. cxb3 Rxe3 32. Nd5 Re2+ 33. Kf3 h5 34. h3 Rxa2 35. Nc7 Rc8 36. Nd5 Kf8 37. Re1 Rd8 38. Nb4 Rb2 39. Nc6 Rxb3+ 40. Kf2 Rd2+ 41. Kf1 Rf3+ 42. Kg1 Rxg3+ 43. Kf1 Rxh3 44. Kg1 Rg3+ 45. Kh1 Rd7 46. Ra1 Rg4 47. Ne5 Rh4+ 48. Kg1 Rb7 49. Rd1 Ke7 50. Nc6+ Kf6 51. Rd6+ Kf5 52. Rd5+ Kxf4 53. Rd4+ Kg5 54. Rd5+ Kh6 55. Nd4 Rxd4 0-1

[Event "BEL-ch U16"]
[Site "Blankenberge"]
[Date "2015.04.16"]
[Round "7"]
[White "Jalalijam, Amir"]
[Black "Goossens, Charles"]
[Result "0-1"]
[WhiteElo "1434"]
[BlackElo "1599"]
[PlyCount "86"]
[EventDate "2015.04.12"]
[EventType "swiss"]
[EventRounds "9"]
[EventCountry "BEL"]
[SourceTitle "CBM 166 Extra"]
[Source "ChessBase"]
[SourceDate "2015.06.18"]
[SourceVersion "1"]
[SourceVersionDate "2015.06.18"]
[SourceQuality "1"]

1. e4 d6 2. d4 Nf6 3. Nc3 g6 4. Be3 Bg7 5. Qd2 c6 6. Be2 0-0 7. 0-0-0 b5 8. a3 a5 9. f3 Nbd7 10. g4 b4 11. Nb1 Rb8 12. g5 Ne8 13. Bc4 e5 14. d5 c5 15. a4 Nb6 16. Bb5 Bd7 17. Bxd7 Qxd7 18. b3 f5 19. gxf6 Nxf6 20. h4 Nh5 21. Qf2 Qc7 22. Nd2 h6 23. Ne2 Qf7 24. Rdg1 Kh7 25. Rg4 Qf6 26. Rhg1 Nf4 27. Qh2 Rb7 28. Bxf4 exf4 29. Nb1 Qb2+ 30. Kd2 c4 31. Rc1 cxb3 32. Kd3 bxc2 33. Nd2 Rc7 34. Rxf4 Qa3+ 35. Nb3 Qxb3+ 36. Kd2 Nc4+ 37. Ke1 Bc3+ 38. Kf2 Rxf4 39. Qxf4 Bd2 40. Qf6 Bxc1 41. Nd4 Qe3+ 42. Kg3 Qg1+ 43. Kh3 Ne3 0-1

[Event "BEL-ch U16"]
[Site "Blankenberge"]
[Date "2015.04.14"]
[Round "4"]
[White "Goossens, Charles"]
[Black "Dubbeldam, Lydia"]
[Result "1/2-1/2"]
[WhiteElo "1599"]
[BlackElo "1799"]
[PlyCount "80"]
[EventDate "2015.04.12"]
[EventType "swiss"]
[EventRounds "9"]
[EventCountry "BEL"]
[SourceTitle "CBM 166 Extra"]
[Source "ChessBase"]
[SourceDate "2015.06.18"]
[SourceVersion "1"]
[SourceVersionDate "2015.06.18"]
[SourceQuality "1"]

1. e4 e6 2. d4 d5 3. Nc3 Nf6 4. e5 Nfd7 5. f4 c5 6. Nf3 Nc6 7. Be3 cxd4 8. Nxd4 Bc5 9. Qd2 0-0 10. Be2 a6 11. a3 Qc7 12. 0-0 b5 13. b4 Be7 14. Rac1 Nb6 15. Nd1 Bd7 16. Nf2 Rfc8 17. c3 Na4 18. Rc2 Nxd4 19. Bxd4 a5 20. Rfc1 Nb6 21. Qe3 Nc4 22. Bxc4 Qxc4 23. Nd3 Qb3 24. Bb6 a4 25. Bc5 Bd8 26. Qe1 Qc4 27. Qe3 Ra6 28. Rb2 Rac6 29. g3 Be8 30. Qd4 f6 31. Rd1 Bh5 32. Rdd2 Bf3 33. Qxc4 dxc4 34. Ne1 Bd5 35. Ng2 Bb6 36. Bxb6 Rxb6 37. Ne3 Rd8 38. Rd4 Rb7 39. g4 fxe5 40. fxe5 Rbd7 1/2-1/2